000 004300000a22001810004500
003 MACL
005 20160129145045.0
008 160129b xxu||||| |||| 00| 0 eng d
040 _aMACL
_cMACL
041 _aEnglish
082 _a823/GUP
100 _aGupta, Sunetra
_910588
245 _aA Sin of Colour
260 _bPenguin Books
_c1999
_aNew Delhi
350 _a200
650 _aFiction
_935409
942 _cBK
_k823/GUP
_2ddc
999 _c31150
_d31150